| 000 | 00557nam a22001937a 4500 | ||
|---|---|---|---|
| 999 |
_c526713 _d526713 |
||
| 003 | NUST | ||
| 020 | _qHBK | ||
| 038 | _aFaiza | ||
| 082 |
_a891.42101 _bNAQ |
||
| 100 |
_aNaqvi, Aftab Ahmad _917707 |
||
| 245 |
_aKattan Wal Dheyan / _cAftab Ahmad Naqvi |
||
| 250 | _a1st ed. | ||
| 260 |
_aLahore : _bSangat Publications, _c2002. |
||
| 300 | _a160 p. ; | ||
| 880 |
_6100-01\r _aآفتاب احمد نقوی |
||
| 880 |
_6245-02\r _aکتن ول دھیان / |
||
| 880 |
_6260-03\r _aلاہور : _bسنگت پبلیکیشنز, _c۲۰۰۲. |
||
| 942 |
_2ddc _cBK |
||